000 00275nam a22001337a 4500
003 SGT
020 _a9789351610120
082 _a519
_bGUP
100 _aGUPTA S.P
245 _aBUSINESS STATISTICS
260 _bSULTAN CHAND
_c2018
300 _a798
942 _2ddc
_cBK
_0117
999 _c16285
_d16285